International encyclopedia of economic sociology. / (Record no. 3079)
[ view plain ]
| 000 -LEADER | |
|---|---|
| fixed length control field | 01025cam a22002778a 4500 |
| 001 - CONTROL NUMBER | |
| control field | 16494617 |
| 005 - DATE AND TIME OF LATEST TRANSACTION | |
| control field | 20210414114230.0 |
| 008 - FIXED-LENGTH DATA ELEMENTS--GENERAL INFORMATION | |
| fixed length control field | 101008s2011 enk e 001 0 eng |
| 010 ## - LIBRARY OF CONGRESS CONTROL NUMBER | |
| LC control number | 2010042876 |
| 020 ## - INTERNATIONAL STANDARD BOOK NUMBER | |
| International Standard Book Number | 9780415569583 (pbk.) |
| 040 ## - CATALOGING SOURCE | |
| Original cataloging agency | DLC |
| Transcribing agency | DLC |
| 050 00 - LIBRARY OF CONGRESS CALL NUMBER | |
| Classification number | HM548 |
| Item number | .I58 |
| 082 00 - DEWEY DECIMAL CLASSIFICATION NUMBER | |
| Classification number | 306.303 |
| Edition number | 22 |
| 245 00 - TITLE STATEMENT | |
| Title | International encyclopedia of economic sociology. / |
| Statement of responsibility, etc. | edited by Jens Beckert and Milan Zafirovski. |
| 260 ## - PUBLICATION, DISTRIBUTION, ETC. | |
| Place of publication, distribution, etc. | Abingdon, Oxon ; |
| -- | New York, NY : |
| Name of publisher, distributor, etc. | Routledge, |
| Date of publication, distribution, etc. | c2011. |
| 263 ## - PROJECTED PUBLICATION DATE | |
| Projected publication date | 1106 |
| 300 ## - PHYSICAL DESCRIPTION | |
| Extent | xvii,773p.: |
| Dimensions | 22cm. |
| 500 ## - GENERAL NOTE | |
| General note | Includes index. |
| 505 ## - FORMATTED CONTENTS NOTE | |
| Formatted contents note | Contents: List of illustrations -- Advisors -- Introduction -- List of contributors -- List of entries -- Entries A to Z. |
| 650 #0 - SUBJECT ADDED ENTRY--TOPICAL TERM | |
| Topical term or geographic name entry element | Economics |
| General subdivision | Sociological aspects |
| Form subdivision | Encyclopedias. |
| 700 1# - ADDED ENTRY--PERSONAL NAME | |
| Personal name | Beckert, Jens, |
| Dates associated with a name | 1967- |
| 700 1# - ADDED ENTRY--PERSONAL NAME | |
| Personal name | Zafirovski, Milan, |
| Dates associated with a name | 1958- |
| 906 ## - LOCAL DATA ELEMENT F, LDF (RLIN) | |
| a | 7 |
| b | cbc |
| c | orignew |
| d | 1 |
| e | ecip |
| f | 20 |
| g | y-gencatlg |
| 942 ## - ADDED ENTRY ELEMENTS (KOHA) | |
| Source of classification or shelving scheme | Library of Congress Classification |
| Koha item type | Books |
| Withdrawn status | Lost status | Source of classification or shelving scheme | Damaged status | Not for loan | Home library | Current library | Shelving location | Date acquired | Total Checkouts | Full call number | Barcode | Date last seen | Copy number | Price effective from | Koha item type |
|---|---|---|---|---|---|---|---|---|---|---|---|---|---|---|---|
| Library of Congress Classification | WISCONSIN INTERNATIONAL UNIVERSITY COLLEGE, GHANA - MAIN LIBRARY | WISCONSIN INTERNATIONAL UNIVERSITY COLLEGE, GHANA - MAIN LIBRARY | Reference | 25/06/2014 | HM548 .I58 | 7413/442/13 | 25/06/2014 | 1 | 25/06/2014 | Books |
